logo

Bir Sreshtho Munshi Abdur Rouf Library
Jhenaidah Cadet College

The Wife of Bath / (Record no. 14412)

MARC details
000 -LEADER
fixed length control field 00665nam a22002537a 4500
001 - CONTROL NUMBER
JCCL Control Number 14412
003 - CONTROL NUMBER IDENTIFIER
JCCL marc code BD-JhCC
005 - DATE AND TIME OF LATEST TRANSACTION
control field 20251027125838.0
008 - FIXED-LENGTH DATA ELEMENTS--GENERAL INFORMATION
fixed length control field 251027b |||||||| |||| 00| 0 eng d
020 ## - INTERNATIONAL STANDARD BOOK NUMBER
International Standard Book Number 978141398099
035 ## - SYSTEM CONTROL NUMBER
system control number (BD-JhCC) 14412
040 ## - CATALOGING SOURCE
Original cataloging agency BD-JhCC
Modifying agency BD-JhCC
041 ## - LANGUAGE CODE
Language code of Book eng
082 ## - DEWEY DECIMAL CLASSIFICATION NUMBER
DDC Edition number 23
Classification number 821.008
Author mark and Year CHA
100 ## - MAIN ENTRY--PERSONAL NAME
Personal name Chaucer,Geoffrey
245 ## - TITLE STATEMENT
Title The Wife of Bath /
Statement of responsibility, etc Geoffrey Chaucer
260 ## - PUBLICATION, DISTRIBUTION, ETC. (IMPRINT)
Place of publication, distribution, etc London:
Name of publisher, distributor, etc Penguin Books,
Date of publication, distribution, etc 1951
300 ## - PHYSICAL DESCRIPTION
Pagination 50p.;
Dimensions 16cm.
Accompanying material Paper
490 ## - SERIES STATEMENT
Series statement Penguin Little Black Classics,
Volume number/sequential designation 28
650 ## - SUBJECT ADDED ENTRY--TOPICAL TERM
Topical term or geographic name as entry element Fiction
650 ## - SUBJECT ADDED ENTRY--TOPICAL TERM
Topical term or geographic name as entry element POETRY English, Irish, Scottish, Welsh
942 ## - ADDED ENTRY ELEMENTS (KOHA)
Source of classification or shelving scheme Dewey Decimal Classification
Koha item type Books
Holdings
Source of classification or shelving scheme Damaged status Not for loan Collection code Home library Current library Shelving location Date of accession Total Checkouts Full call number Barcode Date last seen Copy number Method of acquisition Koha item type Currency
Dewey Decimal Classification     Fiction JCC Rouf Library JCC Rouf Library General Stacks 10/25/2027   821.008 CHA 20131 10/27/2025 C-1 Purchase Books BDT

JCC Library | Contacts | JCC Home

Last Update on 23 September 2017
Copyright @ 2017-2020 JCC Rouf Library
Rouf Library, Jhenidah Cadet College (JCC), Bangladesh